| 000 | 00517nam a2200181 a 4500 | ||
|---|---|---|---|
| 005 | 20140310183454.0 | ||
| 008 | 090806s19uu xx 00 eng d | ||
| 020 | _a9780071493383 | ||
| 050 |
_aHD 69 _b.M269 2007 |
||
| 100 | _aMarcini, Marc | ||
| 245 |
_aTime management : _b24 techniques to make each minute count at work / _cMarc Marcini |
||
| 260 |
_aNew York : _bMcGraw-Hill, _c2007. |
||
| 300 |
_a48 p. : _c24 cm. |
||
| 521 | _aBSBA | ||
| 650 | _aTime management. | ||
| 942 |
_cBK _2lcc _kFOR |
||
| 999 |
_c23537 _d23537 |
||